Clic Ce sont des départements mais aussi... (7) - Statistiques

Statistiques générales
  • Ce quiz a été pris 12 fois
  • Le résultat moyen est 14 sur 50
Statistiques - réponses
Hint Explanation Réponse % Correct
La Nièvre a pour affluent la Nièvre VRAI
89%
La manche est un cône en tissu VRAI
78%
Jura est un astéroïde VRAI
67%
Le Rhône est un navire de guerre français VRAI
67%
Le Nord est une région du Chili Mais du Brésil FAUX
56%
Morbihan est un type de voilier de course VRAI
56%
Les Landes sont un massif en Normandie En Bretagne, les Landes de Lanvaux FAUX
44%
L'Oise est un fromage FAUX
44%
La Lozère est un cirque montagneux dans les Pyrénées dans le Gard FAUX
44%
La Marne est une commune de Loire-Atlantique VRAI
44%
Le Rhône est un fleuve VRAI
44%
La Rhône est un affluent de l'Huisne VRAI
44%
Le Lot est un quartier de Bruxelles De Beersel FAUX
33%
Lozère est un prénom féminin FAUX
33%
Landes est un film de 2013 de François-Xavier Vives VRAI
33%
La Meuse est un fleuve VRAI
33%
La Marne est un journal VRAI
33%
Savoie est un vin AOC VRAI
33%
Le Rhône est un glacier en Suisse Où nait le Rhône VRAI
33%
Nord est le nom d'un pirate du XVIIe siècle Nathaniel North a existé FAUX
22%
Orne est un explorateur Horn, prénommé Mike FAUX
22%
Le Jura est un massif qui s'étend sur 3 pays 2 France et Suisse FAUX
22%
Savoie est le nom d'un type de blindés FAUX
22%
Le Morbihan est un fleuve côtier FAUX
22%
Le Rhône est une rivière du Nord Il existe la Rhonelle FAUX
22%
Meuse est un satellite de Jupiter Un astéroïde FAUX
22%
Paris est un album de The Cure VRAI
22%
L'Orne est un affluent de la Moselle VRAI
22%
La Meuse est un journal Plusieurs ont porté ce nom VRAI
22%
Les Landes sont une forêt artificielle VRAI
22%
Le Nord est un état du Soudan VRAI
22%
Le Jura est un ensemble de monts sur la Lune VRAI
22%
Le Nord est un quartier de Liège VRAI
22%
Loiret est un personnage de Racine FAUX
11%
La Manche est une région de Normandie FAUX
11%
Loire est une commune de la Loire Il existe Loire-sur-Rhône dans le Rhône FAUX
11%
Mayenne est le nom d'un type de train FAUX
11%
Moulin-Sarthe est le premier nom du château dans Tintin FAUX
11%
Paris est un prince de la mythologie grecque Pâris FAUX
11%
Le lot est un poisson d'eau douce La lotte FAUX
11%
Savoie est un fromage IGP FAUX
11%
L'Orne est un dispositif utilisé en physique des particules pour générer des faisceaux de neutrinos. Horn FAUX
11%
La Manche est une mer de Russie VRAI
11%
Le Nord est un hebdomadaire russe VRAI
11%
Les Landes sont une région des îles anglo-normandes VRAI
11%
Le Jura est une rivière de Lituanie VRAI
11%
Jura est une île d'Ecosse On y produit un célèbre whisky VRAI
11%
L'orne est un arbre Aussi appelé frêne à fleurs VRAI
11%
Le Nord est un département d'Haïti VRAI
11%
Le Jura est un massif allemand En Souabe VRAI
0%
Aucun quiz correspondant
Distribution des résultats
% des personnes avec chaque résultat
Percentile par nombre de réponses
Votre historique - résultats
Vous n’avez pas pris ce quiz